=LDR 00000nam 2200000 4500 =001 INLIS000000000002649 =005 20130612090954 =008 ***********************************Ind** =035 ##$$0010-061300000002649 =041 ##$$a Ind =082 ##$$a 646.4 =090 ##$$a 646.4, Pus t =100 ##$$a Puspo, Gut =245 ##$$a Teknik menggambar mode bersama, Goet Poespo =260 ##$$a 2000 $b Yogyakarta =300 ##$$a vii,82 hlm, ilus, 21 cm =650 ##$$a Pola Kostum =850 ##$$a NBPNMAT